Statistiques concernant Pays les plus proches de Aruba - sprint d'une minute

Cliquez ici pour prendre le quiz!

Statistiques générales

  • Ce quiz a été pris 40 fois
  • Le résultat moyen est 11 sur 20

Statistiques - réponses

kmpays% Correct
965Sainte-Lucie
73%
905Trinité-et-Tobago
73%
27Venezuela
73%
1114Barbade
70%
125Colombie
64%
913Saint-Vincent-et-les-Grenadines
64%
943Cuba
61%
931Saint-Christophe-et-Niévès
61%
969Dominique
58%
879Grenade
58%
998Antigua-et-Barbuda
55%
1166Guyana
55%
1064Brésil
52%
629Haïti
52%
883Jamaïque
52%
907Panama
52%
574République dominicaine
45%
986Bahamas
36%
77Curaçao
15%
954Saint-Martin
9%

Distribution des résultats

Percentile par nombre de réponses

% des personnes avec chaque résultat

Votre développement - résultats

Vous n’avez pas pris ce quiz